000 01008nas a2200337 4500
001 BR2015004355
003 BR-BrBNA
005 20231205125619.0
007 ta
008 230509b bl.|||p| |||| 00| 00por d
040 _aBR-BrBNA
_bpor
_cBiblioteca Nacional de Agricultura
041 _a(En)
072 _aP05
100 1 _aMonteiro, L. de A.
100 1 _aPianovski Júnior, G.
100 1 _aVelásquez, J.A.
100 1 _aRocha, D.S.
100 1 _aBueno, A.V.
245 1 _aPerformance impact of the application of castor oil biodiesel in diesel engines
650 _aBIOCOMBUSTIVEL
650 _aMOTOR DIESEL
650 _aOLEO VEGETAL
650 _aMAMONA
650 _aBALANCO DE ENERGIA
650 _aCONSUMO
650 _aANALISE
773 0 _tEngenharia Agrícola (Brazil)
_xISSN 1809-4430
_g(Nov-Dec 2013), v. 33(6) p. 1165-1171
_wBR2015004355
856 4 0 _uhttp://www.scielo.br/pdf/eagri/v33n6/09.pdf
909 _a202311
_bLúcia
_c55
_dLúcia Elande
942 _2AGRIS
_n0
_cANA
999 _c245189
_d245189